| 000 | 005630000a22001810004500 | ||
|---|---|---|---|
| 003 | MACL | ||
| 005 | 20160205164004.0 | ||
| 008 | 160205b xxu||||| |||| 00| 0 eng d | ||
| 040 |
_aMACL _cMACL |
||
| 041 | _aHindi | ||
| 082 | _a100 | ||
| 100 |
_aराजगोपालाचार्य चक्रवर्ती _936988 |
||
| 245 | _aवेदान्त | ||
| 260 |
_bसस्ता साहित्य मण्डल _c1979 _aनई दिल्ली |
||
| 350 | _a2.50 | ||
| 650 |
_aPhilosophy _936989 |
||
| 942 |
_cHIN _k100 _2ddc |
||
| 999 |
_c27701 _d27701 |
||